Statistics for ICONS FIFA 20

Click here to take the quiz!

General Stats

  • This quiz has been taken 16 times
  • The average score is 48 of 87

Answer Stats

HintAnswer% Correct
ItayMaldini
87%
ArgentinaMaradona
87%
BrazilPele
87%
BrazilRonaldo
87%
Northern IrelandBest
80%
Ivory CoastDrogba
80%
WalesGiggs
80%
FranceHenry
80%
FinlandLitmanen
80%
BrazilRonaldinho
80%
BrazilCarlos
73%
ItalyDel Piero
73%
GhanaEssien
73%
EnglandGerrard
73%
JapanNakata
73%
Czech RepublicNedved
73%
SpainPuyol
73%
DenmarkSchmeichel
73%
RussiaYashin
73%
FranceZidane
73%
NetherlandsGullit
67%
RomaniaHagi
67%
NigeriaOkocha
67%
EnglandShearer
67%
PortugalCosta
60%
ArgentinaCrespo
60%
NetherlandsCruyff
60%
ScotlandDalglish
60%
FranceDesailly
60%
PortugalEusebio
60%
PortugalFigo
60%
MexicoHernandez
60%
IrelandKeane
60%
SwedenLarsson
60%
GermanyLehmann
60%
FrancePetit
60%
FrancePires
60%
WalesRush
60%
MexicoSanchez
60%
UkraineShevchenko
60%
FranceVieira
60%
BrazilAlberto
53%
PortugalDeco
53%
EnglandFerdinand
53%
SpainGuardiola
53%
SpainHierro
53%
EnglandLampard
53%
EnglandLineker
53%
ItalyNesta
53%
SpainRaul
53%
NetherlandsVan Basten
53%
NetherlandsVan der Sar
53%
ItalyVieri
53%
GermanyBallack
47%
ItalyBaresi
47%
NetherlandsBergkamp
47%
FranceBlanc
47%
ItalyCannavaro
47%
BrazilGarrincha
47%
GermanyKlose
47%
DenmarkLaudrup
47%
EnglandMoore
47%
NetherlandsRijkard
47%
BrazilRivaldo
47%
EnglandScholes
47%
BrazilSocrates
47%
NetherlandsVan Nistelrooy
47%
ArgentinaVeron
47%
ItalyZola
47%
NetherlandsKoeman
40%
GermanyMatthaus
40%
NetherlandsOvermars
40%
NetherlandsSeedorf
40%
ItalyBaggio
33%
EnglandBarnes
33%
SpainButragueno
33%
EnglandCampbell
33%
ItalyInzaghi
33%
FranceMakelele
33%
ItalyPirlo
33%
BulgariaStoichkov
33%
FranceTrezeguet
33%
EnglandWright
33%
ItalyZambrotta
33%
ArgentinaZanetti
33%
ItalyGattuso
27%
NetherlandsKluivert
20%

Score Distribution

Percentile by Number Answered

Percent of People with Each Score

Your Score History

You have not taken this quiz